| 000 | 01066 a2200289 4500 | ||
|---|---|---|---|
| 001 | 17927 | ||
| 999 |
_c17927 _d16397 |
||
| 003 | TR-AnTOB | ||
| 005 | 20241125112809.0 | ||
| 008 | 041102s2002 tu tur | ||
| 020 | _a9758704060 | ||
| 035 | _a17927 | ||
| 041 | _atur | ||
| 050 |
_aCB203 _b.H4319 2002 |
||
| 090 | _aCB203 .H4319 2002 | ||
| 100 |
_aHeadrick, Daniel R. _99799 |
||
| 245 | 0 |
_aEnformasyon çağı: akıl ve devrim çağında bilgi teknolojileri 1700-1850 / _cDaniel R. Headrick ; çev. Zülal Kılıç. |
|
| 264 | 1 |
_aİstanbul : _bKitap Yayınevi, _c2002 |
|
| 300 |
_a284 p. : _bmaps ; _c22 cm. |
||
| 490 | 0 |
_aKitap Yayınevi; 5. _aDoğa ve Bilim Dizisi; 2 |
|
| 500 |
_aOrjinal: When information came of age. _xIncludes bibliographies and index. |
||
| 650 |
_aÖğrenim ve burslar _zAvrupa _xTarih _y18. yüzyıl _99800 |
||
| 650 |
_aÖğrenim ve burslar _zAvrupa _xTarih _y19. yüzyıl _99801 |
||
| 650 | 0 |
_aBilgi kaynakları yönetimi _zAvrupa _xTarih _y18. yüzyıl _99802 |
|
| 650 | 0 |
_aBilgi kaynakları yönetimi _zAvrupa _xTarih _y19. yüzyıl _99803 |
|
| 902 | _a0003838 | ||
| 942 | _cBK | ||